000 00372nam a2200145Ia 4500
005 20240610012159.0
008 240331s9999 xx 000 0 und d
082 _a364
_bSUI
245 0 _aSuicide in Sri Lanka :
_bproceedings of a workshop
260 _aColombo
_bRedd Barna Sri Lanka.
_c1989
300 _a76 p.,
650 _aSuicide
700 _aDe Silva, P
942 _cL
999 _c2943
_d2943